Sarmiento /

Guardado en:
Autor Principal: Martínez Estrada, Ezequiel
Formato: Libro
Publicado: Buenos Aires : Argos, 1956
Series:Biblioteca Argos. Los pensadores
Materias:
Etiquetas: Agregar Etiqueta
Sin Etiquetas, Sea el primero en etiquetar este registro!
LEADER 00590nam a22002055a 4500
001 CEM.cems012737
005 20101109131416.0
008 130507s1956##################000#0#####d
003 CEMS
082 0 4 |a A864.4 
100 1 |a Martínez Estrada, Ezequiel 
245 1 0 |a Sarmiento /  |c Ezequiel Martínez Estrada 
260 |a Buenos Aires :  |b Argos,  |c 1956 
300 |a 219 p. 
490 0 |a Biblioteca Argos. Los pensadores 
653 |a Literatura 
653 |a Literatura argentina 
653 |a Ensayo 
653 |a Ensayo argentino 
859 |a CEMS  |b BIB. CEMS - 11 de abril  |h A864.4  |i M366-8  |p 24052.07  |t Ej.1